000
00311nam a22001457a 4500
008
210303b ||||| |||| 00| 0 eng d
020
_a
9780321671790
041
_a
eng
080
_2
11th
_a
510
082
_a
573
100
_a
36
101
_a
MAT
245
_a
College Algebra
_c
Lial, M. L
942
_2
udc
_c
BK
999
_c
55699
_d
55699